| 000 | 00364pab a2200145 454500 | ||
|---|---|---|---|
| 008 | 180718b1999 xxu||||| |||| 00| 0 eng d | ||
| 100 | _aJain, C.K. | ||
| 245 | _aCaretaker status: President's powers are not enlarged | ||
| 260 | _c1999 | ||
| 300 | _ap.6; 19 Aug 1999, p.8 | ||
| 362 | _a18 Aug | ||
| 650 | _aConstitutions | ||
| 773 | _aStatesman | ||
| 909 | _a43222 | ||
| 999 |
_c43222 _d43222 |
||